[Event "Olympiad-43"]
[Site "Batumi"]
[Date "2018.09.27"]
[Round "4.58"]
[White "Smith, Shreyas"]
[Black "Van den Heever, Donovan"]
[Result "0-1"]
[WhiteElo "2193"]
[BlackElo "2227"]
[PlyCount "84"]
[EventDate "2018.09.24"]
[EventType "team-swiss"]
[EventRounds "11"]
[EventCountry "GEO"]
[SourceTitle "CBM 187"]
[Source "ChessBase"]
[SourceDate "2018.12.11"]
[SourceVersion "1"]
[SourceVersionDate "2018.12.11"]
[SourceQuality "1"]
[WhiteTeam "Jamaica"]
[BlackTeam "South Africa"]
[WhiteTeamCountry "JAM"]
[BlackTeamCountry "RSA"]

1. e4 c5 2. Nf3 d6 3. d4 cxd4 4. Nxd4 Nf6 5. Nc3 Nc6 6. Bg5 e6 7. Qd2 a6 8. 0-0-0 Bd7 9. f4 b5 10. Bxf6 gxf6 11. Kb1 Qb6 12. Nxc6 Bxc6 13. Qe2 Ra7 14. Rd2 h5 15. Qf3 b4 16. Nd1 f5 17. Bd3 Qd4 18. Re2 a5 19. Rhe1 a4 20. Qf2 Qxf2 21. Nxf2 fxe4 22. Bxe4 d5 23. Bd3 Bg7 24. Nh3 a3 25. Ng5 Re7 26. b3 Bc3 27. Rf1 Kd7 28. f5 exf5 29. Bxf5+ Kd6 30. Rxe7 Kxe7 31. Nxf7 Rg8 32. Rf2 Rf8 33. Bg6 Be8 34. Re2+ Kf6 35. Bxh5 Bxf7 36. Bf3 Rh8 37. h3 Be6 38. Kc1 Rh4 39. Rf2 Ke5 40. Be2 Re4 41. Kd1 Re3 42. Kc1 Be1 0-1

[Event "Olympiad-43"]
[Site "Batumi"]
[Date "2018.09.26"]
[Round "3.25"]
[White "Makhnev, Denis"]
[Black "Van den Heever, Donovan"]
[Result "1-0"]
[WhiteElo "2449"]
[BlackElo "2227"]
[PlyCount "111"]
[EventDate "2018.09.24"]
[EventType "team-swiss"]
[EventRounds "11"]
[EventCountry "GEO"]
[SourceTitle "CBM 187"]
[Source "ChessBase"]
[SourceDate "2018.12.11"]
[SourceVersion "1"]
[SourceVersionDate "2018.12.11"]
[SourceQuality "1"]
[WhiteTeam "Kazakhstan"]
[BlackTeam "South Africa"]
[WhiteTeamCountry "KAZ"]
[BlackTeamCountry "RSA"]

1. c4 c5 2. Nf3 Nc6 3. Nc3 e5 4. e3 Nf6 5. Be2 d5 6. cxd5 Nxd5 7. Bb5 Nxc3 8. bxc3 Bd6 9. e4 0-0 10. 0-0 Bg4 11. h3 Be6 12. Qe2 Rc8 13. Rd1 a6 14. Bxc6 Rxc6 15. d4 cxd4 16. cxd4 Bc4 17. Qe1 Qe7 18. Bg5 f6 19. Bh4 Bf7 20. a4 Bb4 21. Qe2 exd4 22. Nxd4 Rc4 23. Rac1 Rxc1 24. Rxc1 Re8 25. f3 Bc5 26. Bf2 Bxd4 27. Bxd4 Qb4 28. Qb2 Qxa4 29. Rc7 b5 30. e5 Qa5 31. Rc1 fxe5 32. Bxe5 Qb6+ 33. Kh2 Qg6 34. f4 Qe4 35. Rc7 h5 36. Qc3 h4 37. Ra7 Qg6 38. Qf3 Qf5 39. Rxa6 Rxe5 40. fxe5 Qxe5+ 41. Kg1 Bd5 42. Qf2 Qe4 43. Ra1 b4 44. Re1 Qg6 45. Rd1 Qh5 46. Qd4 Bf7 47. Qd8+ Kh7 48. Rd4 Qc5 49. Qxh4+ Kg8 50. Kh2 Qc7+ 51. Qf4 Qxf4+ 52. Rxf4 b3 53. g4 g5 54. Rf5 Bc4 55. Rxg5+ Kh7 56. Rc5 1-0

[Event "RSA-ch"]
[Site "Cape Town"]
[Date "2017.12.09"]
[Round "1"]
[White "Van den Heever, Donovan"]
[Black "Kobese, Watu"]
[Result "1/2-1/2"]
[WhiteElo "2260"]
[BlackElo "2345"]
[PlyCount "20"]
[EventDate "2017.12.09"]
[EventType "tourn"]
[EventRounds "11"]
[EventCountry "RSA"]
[SourceTitle "CBM 182 Extra"]
[Source "ChessBase"]
[SourceDate "2018.02.23"]
[SourceVersion "1"]
[SourceVersionDate "2018.02.23"]
[SourceQuality "1"]

1. e4 c5 2. c3 Nf6 3. e5 Nd5 4. d4 cxd4 5. Nf3 e6 6. cxd4 d6 7. Bc4 Nc6 8. 0-0 Be7 9. Qc2 0-0 10. Nc3 dxe5 1/2-1/2

[Event "RSA-chT Inter Provincial"]
[Site "Bloemfontein"]
[Date "2017.09.01"]
[Round "2.1"]
[White "Van den Heever, Donovan"]
[Black "Nkosi, Dumisa Jacob"]
[Result "1-0"]
[WhiteElo "2239"]
[BlackElo "1825"]
[PlyCount "97"]
[EventDate "2017.08.31"]
[EventType "team-swiss"]
[EventRounds "6"]
[EventCountry "RSA"]
[SourceTitle "CBM 180 Extra"]
[Source "ChessBase"]
[SourceDate "2017.10.06"]
[SourceVersion "1"]
[SourceVersionDate "2017.10.06"]
[SourceQuality "1"]
[WhiteTeam "Western Cape"]
[BlackTeam "Mpumalanga"]
[WhiteTeamCountry "RSA"]
[BlackTeamCountry "RSA"]

1. e4 c5 2. Nf3 Nc6 3. d3 d6 4. g3 Nf6 5. Bg2 e6 6. 0-0 Be7 7. Re1 Qc7 8. c3 0-0 9. a3 b5 10. d4 Bb7 11. Nbd2 Rfe8 12. Bf1 a6 13. Bd3 e5 14. d5 Nb8 15. c4 bxc4 16. Nxc4 a5 17. Bd2 Bc8 18. Bc3 Nbd7 19. Bc2 Nf8 20. Nfxe5 Bd8 21. Nc6 Bg4 22. f3 Bh3 23. Bxa5 Rxa5 24. N4xa5 N6d7 25. f4 Nf6 26. Nc4 Ng4 27. Nxd8 Rxd8 28. a4 Nd7 29. a5 Qa7 30. Qd3 g6 31. Bd1 Nb8 32. Bf3 Na6 33. Bg2 Bxg2 34. Kxg2 h5 35. Qc3 Nc7 36. a6 Nb5 37. Qa5 Rb8 38. h3 Nf6 39. Qd2 Ne8 40. f5 Kh7 41. fxg6+ fxg6 42. Qg5 Nd4 43. Rf1 Rb4 44. Rac1 Ng7 45. Rf6 Qe7 46. Qxg6+ Kg8 47. a7 Ra4 48. Rcf1 Rxa7 49. Rf8+ 1-0

[Event "RSA-chT Inter Provincial"]
[Site "Bloemfontein"]
[Date "2017.08.31"]
[Round "1.1"]
[White "Pesa, Mofoka A"]
[Black "Van den Heever, Donovan"]
[Result "0-1"]
[WhiteElo "1850"]
[BlackElo "2239"]
[PlyCount "92"]
[EventDate "2017.08.31"]
[EventType "team-swiss"]
[EventRounds "6"]
[EventCountry "RSA"]
[SourceTitle "CBM 180 Extra"]
[Source "ChessBase"]
[SourceDate "2017.10.06"]
[SourceVersion "1"]
[SourceVersionDate "2017.10.06"]
[SourceQuality "1"]
[WhiteTeam "Northern Cape"]
[BlackTeam "Western Cape"]
[WhiteTeamCountry "RSA"]
[BlackTeamCountry "RSA"]

1. e4 c5 2. Nf3 d6 3. Bb5+ Nd7 4. c3 Ngf6 5. d3 g6 6. 0-0 Bg7 7. Re1 0-0 8. Ba4 a6 9. Nbd2 b5 10. Bc2 Bb7 11. Nf1 Qc7 12. Ng3 e5 13. h3 d5 14. Bg5 h6 15. Be3 Rfe8 16. Qe2 Nf8 17. Nh2 Ne6 18. h4 Nf4 19. Qf3 h5 20. Bd2 Rad8 21. Rad1 c4 22. d4 dxe4 23. Nxe4 Nxe4 24. Bxe4 Bxe4 25. Rxe4 f5 26. Rxf4 exf4 27. Bxf4 Qd7 28. Qg3 Qc6 29. Nf3 Re2 30. Ne5 Bxe5 31. Bxe5 Kh7 32. Qg5 Rd7 33. Bf4 Qe6 34. Be3 Rd5 35. Kf1 Rxb2 36. Re1 f4 37. Qxf4 Rf5 38. Qh6+ Kg8 39. Bf4 Qf7 40. g3 b4 41. Kg1 Rxf4 42. gxf4 bxc3 43. f5 c2 44. fxg6 Qxf2+ 45. Kxf2 c1Q+ 46. Kf1 Qxh6 0-1

[Event "Olympiad-42"]
[Site "Baku"]
[Date "2016.09.13"]
[Round "11.3"]
[White "Smith, Shreyas"]
[Black "Van den Heever, Donovan"]
[Result "1-0"]
[WhiteElo "2146"]
[BlackElo "2247"]
[PlyCount "112"]
[EventDate "2016.09.02"]
[EventType "team-swiss"]
[EventRounds "11"]
[EventCountry "AZE"]
[SourceTitle "CBM 175"]
[Source "ChessBase"]
[SourceDate "2016.11.10"]
[SourceVersion "1"]
[SourceVersionDate "2016.11.10"]
[SourceQuality "1"]
[WhiteTeam "Jamaica"]
[BlackTeam "South Africa"]
[WhiteTeamCountry "JAM"]
[BlackTeamCountry "RSA"]

1. e4 d6 2. Nf3 Nf6 3. Nc3 c6 4. d4 Bg4 5. h3 Bh5 6. g4 Bg6 7. Bd3 Qc7 8. e5 Bxd3 9. Qxd3 Nd5 10. Nxd5 cxd5 11. e6 f6 12. c3 Na6 13. 0-0 0-0-0 14. Bf4 Qc6 15. a4 Nc7 16. Rfe1 g6 17. b4 h5 18. g5 fxg5 19. Bxg5 Bh6 20. b5 Qb6 21. Qe3 Bxg5 22. Nxg5 Rdf8 23. Reb1 Qa5 24. Nf7 Rhg8 25. b6 axb6 26. Rb4 g5 27. Rab1 b5 28. c4 dxc4 29. Qe4 d5 30. Qe5 c3 31. axb5 c2 32. b6 cxb1Q+ 33. Rxb1 Qc3 34. bxc7 g4 35. Qxd5 gxh3+ 36. Kh2 Qxc7+ 37. Kxh3 Qc6 38. Rb5 Qxd5 39. Rxd5 Rg6 40. Rc5+ Kb8 41. Ne5 Rxe6 42. Nd7+ Ka7 43. Nxf8 Rd6 44. Rxh5 Rxd4 45. Re5 Ka6 46. Ng6 b5 47. Nxe7 b4 48. Nc6 Rc4 49. Nxb4+ Rxb4 50. Kg3 Kb6 51. Rd5 Kc6 52. Rd3 Rb7 53. f4 Rg7+ 54. Kf3 Rg1 55. f5 Rg5 56. Kf4 Rh5 1-0

[Event "Olympiad-42"]
[Site "Baku"]
[Date "2016.09.12"]
[Round "10.3"]
[White "Van den Heever, Donovan"]
[Black "Masango, Spencer"]
[Result "0-1"]
[WhiteElo "2247"]
[BlackElo "2200"]
[PlyCount "126"]
[EventDate "2016.09.02"]
[EventType "team-swiss"]
[EventRounds "11"]
[EventCountry "AZE"]
[SourceTitle "CBM 175"]
[Source "ChessBase"]
[SourceDate "2016.11.10"]
[SourceVersion "1"]
[SourceVersionDate "2016.11.10"]
[SourceQuality "1"]
[WhiteTeam "South Africa"]
[BlackTeam "Zimbabwe"]
[WhiteTeamCountry "RSA"]
[BlackTeamCountry "ZIM"]

1. e4 e5 2. Nf3 Nc6 3. Bc4 Bc5 4. c3 d6 5. d3 Nf6 6. Nbd2 0-0 7. h3 a6 8. Bb3 Be6 9. 0-0 b5 10. Re1 Nh5 11. d4 exd4 12. Nxd4 Bxd4 13. cxd4 Nf4 14. Nf3 Bxb3 15. Qxb3 Ng6 16. Qc3 Qd7 17. Bd2 Nce7 18. h4 d5 19. h5 dxe4 20. Rxe4 Nd5 21. Qd3 Nge7 22. h6 g6 23. Rae1 Nc6 24. Qe2 Nf6 25. Ne5 Qd5 26. Nxc6 Qxc6 27. Re5 Nd5 28. Qf3 Rad8 29. Bg5 f6 30. Re6 Rd6 31. Rxd6 Qxd6 32. Bd2 Kf7 33. Qe4 Qd7 34. Qc2 Re8 35. Rxe8 Qxe8 36. Qc5 Qe6 37. Ba5 Qd6 38. Qc2 Ke8 39. g3 Kd7 40. a3 Qc6 41. Qd2 Qc4 42. Kg2 Ne7 43. Bc3 Qd5+ 44. Kg1 Qe4 45. Bb4 Nd5 46. Bf8 f5 47. Bg7 f4 48. Kh2 Qf3 49. Be5 Qh5+ 50. Kg1 Qxh6 51. gxf4 Qh3 52. Qe2 h5 53. Qe4 Qe6 54. f3 Ne7 55. Kg2 Qb3 56. Kh3 Qd1 57. Bxc7 Qh1+ 58. Kg3 Nf5+ 59. Kf2 Qh4+ 60. Kg1 Qg3+ 61. Kf1 Kxc7 62. Qe5+ Kd7 63. d5 Qxf3+ 0-1

[Event "Olympiad-42"]
[Site "Baku"]
[Date "2016.09.09"]
[Round "7.3"]
[White "Dive, Russell John"]
[Black "Van den Heever, Donovan"]
[Result "0-1"]
[WhiteElo "2309"]
[BlackElo "2247"]
[PlyCount "59"]
[EventDate "2016.09.02"]
[EventType "team-swiss"]
[EventRounds "11"]
[EventCountry "AZE"]
[SourceTitle "CBM 175"]
[Source "ChessBase"]
[SourceDate "2016.11.10"]
[SourceVersion "1"]
[SourceVersionDate "2016.11.10"]
[SourceQuality "1"]
[WhiteTeam "New Zealand"]
[BlackTeam "South Africa"]
[WhiteTeamCountry "NZL"]
[BlackTeamCountry "RSA"]

1. Nf3 Nf6 2. c4 c6 3. g3 d5 4. Bg2 Bf5 5. b3 e6 6. 0-0 h6 7. d3 Be7 8. Nbd2 0-0 9. Bb2 Nbd7 10. a3 a5 11. Rc1 Bh7 12. Rc2 Ne8 13. Qa1 Bf6 14. Rd1 Qe7 15. Ne1 Bxb2 16. Qxb2 Nef6 17. b4 axb4 18. axb4 Ra4 19. Rb1 Rfa8 20. h3 dxc4 21. Rxc4 Nd5 22. b5 Ra2 23. Qc1 c5 24. Rc2 Qf6 25. Nb3 b6 26. Rbb2 Rxb2 27. Qxb2 Qxb2 28. Rxb2 Ra4 29. Nd2 Kf8 30. Nc2 0-1

[Event "Olympiad-42"]
[Site "Baku"]
[Date "2016.09.06"]
[Round "5.4"]
[White "Van den Heever, Donovan"]
[Black "Barcenilla, Rogelio"]
[Result "0-1"]
[WhiteElo "2247"]
[BlackElo "2455"]
[PlyCount "212"]
[EventDate "2016.09.02"]
[EventType "team-swiss"]
[EventRounds "11"]
[EventCountry "AZE"]
[SourceTitle "CBM 175"]
[Source "ChessBase"]
[SourceDate "2016.11.10"]
[SourceVersion "1"]
[SourceVersionDate "2016.11.10"]
[SourceQuality "1"]
[WhiteTeam "South Africa"]
[BlackTeam "Philippines"]
[WhiteTeamCountry "RSA"]
[BlackTeamCountry "PHI"]

1. e4 e5 2. Nf3 Nc6 3. Bc4 Be7 4. 0-0 Nf6 5. d3 0-0 6. Bb3 d6 7. h3 Na5 8. Ba4 c5 9. a3 a6 10. c4 Rb8 11. Nc3 Nc6 12. b4 cxb4 13. axb4 Nxb4 14. Rb1 a5 15. Ba3 Na6 16. d4 Nb4 17. Qe2 exd4 18. Nxd4 Bd7 19. Bxd7 Qxd7 20. Nf5 Rfe8 21. Rfd1 Bf8 22. Qf3 Qc6 23. Bxb4 axb4 24. Nd5 Nxd5 25. cxd5 Qc5 26. Rdc1 Qb6 27. Rc4 g6 28. Rcxb4 Qc7 29. Ne3 Bg7 30. Rc4 Qd8 31. Qd1 h5 32. Rcb4 Re7 33. Qd3 Qe8 34. g3 Rc8 35. R1b3 b5 36. Kg2 Rc5 37. Rxb5 Rxb5 38. Qxb5 Qxb5 39. Rxb5 Rxe4 40. Kf3 Rd4 41. Rb8+ Bf8 42. g4 hxg4+ 43. hxg4 Kg7 44. Re8 f6 45. Re4 Rd2 46. Ra4 Be7 47. Kg3 Bd8 48. Ra6 Kf8 49. f4 Rd3 50. Kf3 Ke7 51. Ke4 Rc3 52. Kd4 Rc1 53. Ra7+ Bc7 54. Nc4 Kd8 55. Ra8+ Kd7 56. Rg8 Rd1+ 57. Ke4 f5+ 58. gxf5 gxf5+ 59. Kxf5 Rxd5+ 60. Ke4 Rd1 61. Rg7+ Kc6 62. Ne3 Re1 63. Kd3 Bb6 64. Nc4 Bc5 65. Rg6 Rd1+ 66. Ke2 Rd4 67. Ne5+ Kd5 68. Nd3 Re4+ 69. Kd2 Bd4 70. Rg8 Bb6 71. Rc8 Ba5+ 72. Kc2 Kd4 73. Nc1 Bb4 74. f5 Re3 75. f6 Rf3 76. Rh8 Rf2+ 77. Kb3 Bd2 78. Rh4+ Kd5 79. Rh5+ Ke6 80. Nd3 Rxf6 81. Kc2 Be3 82. Nb4 Rg6 83. Nd5 Bg5 84. Nc3 Bf6 85. Nd5 Be5 86. Nc7+ Kd7 87. Nb5 Kc6 88. Nxd6 Kxd6 89. Kd3 Kd5 90. Rh4 Rg2 91. Ra4 Rg3+ 92. Ke2 Bd4 93. Ra8 Re3+ 94. Kd2 Rb3 95. Re8 Be5 96. Kc2 Re3 97. Kd2 Rh3 98. Rd8+ Ke4 99. Kc2 Rc3+ 100. Kd2 Rb3 101. Ke2 Rh3 102. Rf8 Rh7 103. Re8 Rh2+ 104. Kf1 Kf3 105. Ke1 Bf4 106. Rf8 Rh1# 0-1

[Event "Olympiad-42"]
[Site "Baku"]
[Date "2016.09.05"]
[Round "4.4"]
[White "Diermair, Andreas"]
[Black "Van den Heever, Donovan"]
[Result "0-1"]
[WhiteElo "2478"]
[BlackElo "2247"]
[PlyCount "92"]
[EventDate "2016.09.02"]
[EventType "team-swiss"]
[EventRounds "11"]
[EventCountry "AZE"]
[SourceTitle "CBM 175"]
[Source "ChessBase"]
[SourceDate "2016.11.10"]
[SourceVersion "1"]
[SourceVersionDate "2016.11.10"]
[SourceQuality "1"]
[WhiteTeam "Austria"]
[BlackTeam "South Africa"]
[WhiteTeamCountry "AUT"]
[BlackTeamCountry "RSA"]

1. Nf3 Nf6 2. c4 c5 3. Nc3 Nc6 4. d4 cxd4 5. Nxd4 e6 6. Bf4 Bb4 7. Ndb5 0-0 8. a3 Bxc3+ 9. Nxc3 d5 10. e3 h6 11. Bg3 Qe7 12. Be2 Rd8 13. 0-0 d4 14. exd4 Nxd4 15. Bd3 b6 16. Re1 Bb7 17. b4 Nf5 18. Qe2 Nxg3 19. hxg3 a5 20. Rab1 axb4 21. axb4 Ra3 22. Qb2 Raa8 23. Rbd1 Bc6 24. Be2 Qc7 25. Qc1 Qe7 26. Qb2 Qc7 27. Rc1 Qb7 28. Bf1 Qe7 29. Red1 Ng4 30. Be2 Qg5 31. Bf3 Bxf3 32. gxf3 Ne5 33. Qe2 Qf5 34. f4 Nd3 35. Rb1 Rac8 36. Na4 Rxc4 37. Nxb6 Rcd4 38. b5 Re4 39. Qc2 Red4 40. Nc8 Qh3 41. Rxd3 Rxd3 42. b6 Qh5 43. Kg2 Rd1 44. Ne7+ Kf8 45. Rxd1 Rxd1 46. Ng6+ fxg6 0-1

[Event "RSA-chT Regions"]
[Site "Cape Town"]
[Date "2016.01.09"]
[Round "4.2"]
[White "Mabusela, Johannes Manyedi"]
[Black "Van den Heever, Donovan"]
[Result "1-0"]
[WhiteElo "2232"]
[BlackElo "2258"]
[PlyCount "73"]
[EventDate "2016.01.08"]
[EventType "team-swiss"]
[EventRounds "7"]
[EventCountry "RSA"]
[SourceTitle "CBM 170 Extra"]
[Source "ChessBase"]
[SourceDate "2016.02.25"]
[SourceVersion "1"]
[SourceVersionDate "2016.02.25"]
[SourceQuality "1"]
[WhiteTeam "Tshwane"]
[BlackTeam "Western Province"]
[WhiteTeamCountry "RSA"]
[BlackTeamCountry "RSA"]

1. d4 Nf6 2. c4 g6 3. Nc3 d5 4. Nf3 Bg7 5. Qb3 dxc4 6. Qxc4 0-0 7. e4 Be6 8. Qd3 Nc6 9. Be2 Bg4 10. Be3 Bxf3 11. gxf3 Qd7 12. 0-0-0 Rfd8 13. h4 Qe8 14. Qc4 a6 15. e5 Nd7 16. h5 Nb6 17. Qb3 Na5 18. Qc2 Nac4 19. hxg6 hxg6 20. Bh6 Qc6 21. Kb1 Bxh6 22. Rxh6 Kg7 23. Rdh1 Rh8 24. Qc1 Qd7 25. R1h4 c5 26. Qh1 Rxh6 27. Rxh6 Qf5+ 28. Ne4 Rg8 29. Rh7+ Kf8 30. Rh8 f6 31. Qh6+ Kf7 32. Rh7+ Ke6 33. Qc1 Kd5 34. b3 cxd4 35. Bxc4+ Nxc4 36. Qxc4+ Kxe5 37. Rxe7+ 1-0

[Event "South African op"]
[Site "Cape Town"]
[Date "2015.07.10"]
[Round "10"]
[White "Strikovic, Aleksa"]
[Black "Van den Heever, Donovan"]
[Result "1-0"]
[WhiteElo "2495"]
[BlackElo "2254"]
[PlyCount "75"]
[EventDate "2015.07.03"]
[EventType "swiss"]
[EventRounds "11"]
[EventCountry "RSA"]
[SourceTitle "CBM 167 Extra"]
[Source "ChessBase"]
[SourceDate "2015.09.14"]
[SourceVersion "1"]
[SourceVersionDate "2015.09.14"]
[SourceQuality "1"]

1. e4 c5 2. d3 d6 3. g3 b5 4. Bg2 Bb7 5. f4 e6 6. Nf3 d5 7. Nbd2 Nf6 8. e5 Nfd7 9. 0-0 Be7 10. c3 Nc6 11. Qe2 g6 12. Rd1 Qc7 13. Nf1 a5 14. Be3 c4 15. d4 b4 16. g4 h5 17. f5 hxg4 18. fxe6 gxf3 19. exd7+ Qxd7 20. Qxf3 Nd8 21. Nd2 Bc6 22. Rf1 Rh7 23. Rae1 bxc3 24. bxc3 Rb8 25. e6 Nxe6 26. Nxc4 Bb5 27. Ne5 Qd6 28. Rf2 Bh4 29. Bf4 Bxf2+ 30. Qxf2 Rd8 31. Ng4 Qe7 32. Be5 Qh4 33. Nf6+ Kf8 34. Nxh7+ Qxh7 35. Bf6 Rd6 36. Re3 Qh5 37. Rh3 Qd1+ 38. Qf1 1-0

[Event "Olympiad-41"]
[Site "Tromsoe"]
[Date "2014.08.08"]
[Round "6.3"]
[White "Tamra, Attallah"]
[Black "Van den Heever, Donovan"]
[Result "0-1"]
[WhiteElo "2081"]
[BlackElo "2289"]
[PlyCount "114"]
[EventDate "2014.08.02"]
[EventType "team-swiss"]
[EventRounds "11"]
[EventCountry "NOR"]
[SourceTitle "CBM 162"]
[Source "ChessBase"]
[SourceDate "2014.09.17"]
[SourceVersion "1"]
[SourceVersionDate "2014.09.17"]
[SourceQuality "1"]
[WhiteTeam "Palestine"]
[BlackTeam "South Africa"]
[WhiteTeamCountry "PLE"]
[BlackTeamCountry "RSA"]

1. d4 d5 2. Nf3 Nf6 3. g3 Bf5 4. c4 e6 5. Nc3 c6 6. Bg2 h6 7. 0-0 Nbd7 8. cxd5 exd5 9. Bf4 Be7 10. Ne5 0-0 11. Nxd7 Qxd7 12. Qb3 Rfe8 13. Rfe1 Bf8 14. Rac1 Re6 15. h3 Rae8 16. g4 Bg6 17. e3 h5 18. g5 Ne4 19. Nxe4 Bxe4 20. Qd1 g6 21. a3 Bd6 22. Bxd6 Rxd6 23. Bxe4 Rxe4 24. Qf3 Qe7 25. Qg3 h4 26. Qg2 Kg7 27. Kh1 Rde6 28. Rg1 f5 29. gxf6+ Rxf6 30. Rcf1 Qf7 31. Qh2 Rxe3 32. fxe3 Rxf1 33. Qe5+ Kh7 34. Rxf1 Qxf1+ 35. Kh2 Qf2+ 36. Kh1 Qf3+ 37. Kh2 Qe4 38. Qg5 a5 39. b4 axb4 40. axb4 Kg7 41. Kg1 Kf7 42. Qh6 Ke6 43. Kf2 Kd7 44. Qg7+ Kc8 45. Ke2 Kb8 46. Qf8+ Kc7 47. Qg7+ Kb6 48. Qf8 Qc2+ 49. Ke1 Kb5 50. Qe7 Kc4 51. Qd6 Qg2 52. b5 Qg3+ 53. Qxg3 hxg3 54. bxc6 bxc6 55. Ke2 g2 56. Kf2 Kd3 57. Kxg2 Kxe3 0-1

[Event "Windhoek zt 4.3"]
[Site "Windhoek"]
[Date "2014.06.23"]
[Round "1"]
[White "Alice, Mateus Felizardo Vi"]
[Black "Van den Heever, Donovan"]
[Result "1/2-1/2"]
[WhiteElo "2124"]
[BlackElo "2277"]
[PlyCount "33"]
[EventDate "2014.06.23"]
[EventType "swiss"]
[EventRounds "9"]
[EventCountry "NAM"]
[SourceTitle "EXT 2015"]
[Source "ChessBase"]
[SourceDate "2014.11.20"]
[SourceVersion "1"]
[SourceVersionDate "2014.11.20"]
[SourceQuality "1"]

1. e4 c5 2. Nf3 d6 3. Bb5+ Nd7 4. c4 Ngf6 5. Nc3 e6 6. 0-0 Be7 7. d4 cxd4 8. Qxd4 0-0 9. Rd1 Qc7 10. Bxd7 Bxd7 11. Bg5 Bc6 12. Rac1 Rfd8 13. h3 Be8 14. b3 a6 15. Qd3 Rac8 16. Qe2 Qa5 17. Rc2 1/2-1/2

[Event "Cape Town Steinitz Memorial"]
[Site "Cape Town"]
[Date "2014.05.12"]
[Round "4"]
[White "Kobese, Watu"]
[Black "Van den Heever, Donovan"]
[Result "1-0"]
[WhiteElo "2333"]
[BlackElo "2291"]
[PlyCount "43"]
[EventDate "2014.05.09"]
[EventType "tourn"]
[EventRounds "9"]
[EventCountry "RSA"]
[EventCategory "6"]
[SourceTitle "EXT 2015"]
[Source "ChessBase"]
[SourceDate "2014.11.20"]
[SourceVersion "1"]
[SourceVersionDate "2014.11.20"]
[SourceQuality "1"]

1. e4 c5 2. Nf3 d6 3. d4 cxd4 4. Nxd4 Nf6 5. Nc3 Nc6 6. Bc4 Qb6 7. Nxc6 bxc6 8. 0-0 g6 9. Qe1 Qc5 10. b3 Bg7 11. Na4 Qh5 12. Bf4 Nxe4 13. Bd3 f5 14. f3 g5 15. fxe4 gxf4 16. Rd1 Be5 17. Bc4 f3 18. Rxf3 Bxh2+ 19. Kf1 f4 20. Qc3 Rf8 21. e5 d5 22. Be2 1-0

[Event "Cape Town Steinitz Memorial"]
[Site "Cape Town"]
[Date "2014.05.11"]
[Round "3"]
[White "Van den Heever, Donovan"]
[Black "Strikovic, Aleksa"]
[Result "0-1"]
[WhiteElo "2291"]
[BlackElo "2537"]
[PlyCount "43"]
[EventDate "2014.05.09"]
[EventType "tourn"]
[EventRounds "9"]
[EventCountry "RSA"]
[EventCategory "6"]
[SourceTitle "EXT 2015"]
[Source "ChessBase"]
[SourceDate "2014.11.20"]
[SourceVersion "1"]
[SourceVersionDate "2014.11.20"]
[SourceQuality "1"]

1. e4 d6 2. d4 Nf6 3. Nc3 e5 4. Nf3 Nbd7 5. g4 Nxg4 6. Rg1 Ngf6 7. Be3 c6 8. Qd3 exd4 9. Bxd4 Qe7 10. 0-0-0 g6 11. Qd2 Bg7 12. Nh4 Nc5 13. e5 Nfe4 14. Nxe4 Nxe4 15. exd6 Qxh4 16. d7+ Bxd7 17. Qe2 Bh6+ 18. Kb1 0-0 19. f3 Nd2+ 20. Rxd2 Rfe8 21. Qd3 Bxd2 22. Be2 0-1

[Event "RSA-ch"]
[Site "Cape Town"]
[Date "2014.01.12"]
[Round "11"]
[White "Van den Heever, Donovan"]
[Black "Kobese, Watu"]
[Result "1/2-1/2"]
[WhiteElo "2274"]
[BlackElo "2341"]
[PlyCount "85"]
[EventDate "2014.01.04"]
[EventType "tourn"]
[EventRounds "11"]
[EventCountry "RSA"]
[SourceTitle "CBM 158 Extra"]
[Source "ChessBase"]
[SourceDate "2014.02.28"]
[SourceVersion "1"]
[SourceVersionDate "2014.02.28"]
[SourceQuality "1"]

1. e4 c5 2. Nf3 Nc6 3. c3 e5 4. Bb5 a6 5. Bxc6 dxc6 6. d3 f6 7. Be3 Bg4 8. Qe2 Qd7 9. Na3 Rd8 10. Rd1 Be6 11. c4 g5 12. Nc2 b5 13. b3 Bd6 14. h4 g4 15. Nh2 Ne7 16. g3 h5 17. Qd2 Ng6 18. 0-0 Be7 19. Rfe1 Kf7 20. Qc3 b4 21. Qd2 f5 22. Bg5 f4 23. Bxe7 Qxe7 24. a3 a5 25. axb4 axb4 26. Ra1 Rhg8 27. Kh1 Rd7 28. Rf1 Nxh4 29. gxh4 Qxh4 30. Ne1 Qh3 31. Qb2 Rg5 32. Ra8 h4 33. Rg1 g3 34. fxg3 hxg3 35. Nef3 Rh5 36. Rg2 Rxd3 37. Qe2 Re3 38. Qd1 Qg4 39. Nxe5+ Rxe5 40. Nxg4 Rh5+ 41. Nh2 Bg4 42. Ra7+ Ke8 43. Ra8+ 1/2-1/2

[Event "RSA-ch"]
[Site "Cape Town"]
[Date "2014.01.11"]
[Round "10"]
[White "Cawdery, Daniel"]
[Black "Van den Heever, Donovan"]
[Result "1-0"]
[WhiteElo "2382"]
[BlackElo "2274"]
[PlyCount "91"]
[EventDate "2014.01.04"]
[EventType "tourn"]
[EventRounds "11"]
[EventCountry "RSA"]
[SourceTitle "CBM 158 Extra"]
[Source "ChessBase"]
[SourceDate "2014.02.28"]
[SourceVersion "1"]
[SourceVersionDate "2014.02.28"]
[SourceQuality "1"]

1. e4 c5 2. Nf3 d6 3. d4 cxd4 4. Nxd4 Nf6 5. Nc3 Nc6 6. Bg5 e6 7. Qd2 a6 8. 0-0-0 h6 9. Nxc6 bxc6 10. Bf4 d5 11. Qe3 Bb4 12. a3 Ba5 13. exd5 cxd5 14. Be2 0-0 15. g4 Re8 16. Rhg1 Bxc3 17. Qxc3 Ne4 18. Qe5 f6 19. Qh5 Bd7 20. f3 Ng5 21. h4 Nh3 22. Be3 Nxg1 23. Rxg1 Re7 24. g5 Be8 25. Qg4 hxg5 26. hxg5 f5 27. Qg3 Bg6 28. f4 Rc7 29. Bd4 Rac8 30. Bd3 Rc6 31. Qe3 Qc7 32. Rg2 Kf7 33. Rh2 Qb8 34. Kb1 Rh8 35. Be5 Qxe5 36. fxe5 Rxh2 37. Qa7+ Kf8 38. c3 Rd2 39. Bc2 Rxc2 40. Kxc2 f4+ 41. Kd2 Rc4 42. Qxa6 f3 43. Qxe6 Rf4 44. Qxg6 f2 45. Qd6+ Ke8 46. e6 1-0

[Event "RSA-ch"]
[Site "Cape Town"]
[Date "2014.01.06"]
[Round "4"]
[White "Klaasen, Calvin Jong"]
[Black "Van den Heever, Donovan"]
[Result "0-1"]
[WhiteElo "2127"]
[BlackElo "2274"]
[PlyCount "116"]
[EventDate "2014.01.04"]
[EventType "tourn"]
[EventRounds "11"]
[EventCountry "RSA"]
[SourceTitle "CBM 158 Extra"]
[Source "ChessBase"]
[SourceDate "2014.02.28"]
[SourceVersion "1"]
[SourceVersionDate "2014.02.28"]
[SourceQuality "1"]

1. e4 c5 2. Nf3 d6 3. d4 cxd4 4. Nxd4 Nf6 5. Nc3 Nc6 6. f3 e5 7. Nb3 Be7 8. Be3 0-0 9. Be2 Be6 10. Nd5 Bxd5 11. exd5 Nb4 12. c4 a5 13. Qd2 b6 14. 0-0 Qc7 15. Nc1 Na6 16. b3 Nc5 17. Rb1 Nh5 18. g4 Nf4 19. Bxf4 exf4 20. Bd3 Bg5 21. Bc2 Rae8 22. Ne2 Re3 23. Nc3 g6 24. Rbe1 Rfe8 25. Rxe3 fxe3 26. Qe2 Bf4 27. Qg2 Qe7 28. Ne2 Qe5 29. Rd1 Bg5 30. Rd4 Bh4 31. f4 Bf2+ 32. Kf1 Qe7 33. a3 Qa7 34. Qf3 Qc7 35. Kg2 Qe7 36. Kf1 Qf6 37. g5 Qe7 38. b4 axb4 39. axb4 Na6 40. Re4 Qd7 41. Rxe8+ Qxe8 42. b5 Nc5 43. Nc3 Qa8 44. Qd1 Qa3 45. Ne4 Nxe4 46. Bxe4 Qc3 47. Kg2 Qxc4 48. Qc2 Qd4 49. Kf3 Kg7 50. Qd3 Qb2 51. Qc2 Qb4 52. Qe2 h6 53. h4 Bxh4 54. Qxe3 hxg5 55. fxg5 Qxb5 56. Qc3+ Kg8 57. Qc8+ Kh7 58. Qh3 Qb3+ 0-1